Kultúrno-spoločenské zariadenie, Bratislava, Nobelovo námestie

Gespeichert in:
Bibliographische Detailangaben
1. Verfasser: Breznyak, Denys (Verfasst von)
Weitere Verfasser: Šimkovič, Vladimír (Betreuung Doktorarbeit)
Format: Manuskript Buch
Sprache:Slowakisch
Veröffentlicht: 2025
Schlagworte:
Online-Zugang:http://is.stuba.sk/zp/portal_zp.pl?podrobnosti=184687
Tags: Tag hinzufügen
Keine Tags, Fügen Sie das erste Tag hinzu!

MARC

LEADER 00000ntm a22000003a 4500
001 stuzp104637
003 SK-STU
005 20250607210649.8
007 ta
008 150427s2015----xo-----f-mn---000-0-slo-d
040 |a STU  |b slo 
041 0 |a slo 
100 1 |a Breznyak, Denys  |u 058180  |4 aut  |U FAD Fakulta architektúry a dizajnu  |T FAD Ústav architektúry občianskych budov  |X 103589  |U A8180  |Y 399  |7 103589 
242 0 1 |a Cultural and social facility, Bratislava, Nobel sqare  |y eng 
245 1 0 |a Kultúrno-spoločenské zariadenie, Bratislava, Nobelovo námestie 
260 |c 2025 
650 4 |a Nobelovo Square  |2 eng 
650 4 |a Petržalka  |2 eng 
650 4 |a perforated facade  |2 eng 
650 4 |a cultural center  |2 eng 
650 4 |a Petržalka  |2 slo 
650 4 |a perforovaná fasáda  |2 slo 
650 4 |a Nobelovo námestie  |2 slo 
650 4 |a kultúrne centrum  |2 slo 
700 1 |a Šimkovič, Vladimír  |4 ths  |X 394  |7 A000000394 
856 4 |u http://is.stuba.sk/zp/portal_zp.pl?podrobnosti=184687